[Event "Saint Affrique op 22nd"]
[Site "Saint Affrique"]
[Date "2014.07.25"]
[Round "8"]
[White "Jackson, Sue"]
[Black "Gaubert, Cedric"]
[Result "0-1"]
[WhiteElo "1230"]
[BlackElo "1384"]
[PlyCount "71"]
[EventDate "2014.07.19"]
[EventType "swiss"]
[EventRounds "9"]
[EventCountry "FRA"]
[SourceTitle "CBM 161 Extra"]
[Source "ChessBase"]
[SourceDate "2014.08.29"]
[SourceVersion "1"]
[SourceVersionDate "2014.08.29"]
[SourceQuality "1"]

1. d4 d5 2. c4 e6 3. e3 Be7 4. Bd3 Nf6 5. h3 0-0 6. Ne2 c6 7. 0-0 Qc7 8. Ng3 Rd8 9. Nh5 Nbd7 10. Nc3 e5 11. Nxf6+ Nxf6 12. c5 b6 13. b4 bxc5 14. bxc5 Rb8 15. Re1 e4 16. Bc2 Ba6 17. f3 Qg3 18. fxe4 dxe4 19. Bxe4 Nxe4 20. Nxe4 Qg6 21. Nf2 Bxc5 22. Qg4 Qxg4 23. Nxg4 Bb4 24. Ne5 Bxe1 25. Nxc6 Bc3 26. Nxb8 Rxb8 27. Bb2 Rxb2 28. Rc1 Ba5 29. d5 Kf8 30. a3 Bb6 31. Rc3 Rd2 32. a4 Rxd5 33. Kf2 Rd2+ 34. Kf3 Rd3 35. Rxd3 Bxd3 36. e4 0-1

[Event "Saint Affrique op 22nd"]
[Site "Saint Affrique"]
[Date "2014.07.24"]
[Round "7"]
[White "Guerin, Tristan"]
[Black "Jackson, Sue"]
[Result "1-0"]
[WhiteElo "1417"]
[BlackElo "1230"]
[PlyCount "95"]
[EventDate "2014.07.19"]
[EventType "swiss"]
[EventRounds "9"]
[EventCountry "FRA"]
[SourceTitle "CBM 161 Extra"]
[Source "ChessBase"]
[SourceDate "2014.08.29"]
[SourceVersion "1"]
[SourceVersionDate "2014.08.29"]
[SourceQuality "1"]

1. e4 c5 2. Nf3 Nf6 3. e5 Nd5 4. d4 cxd4 5. Qxd4 e6 6. Bc4 Nc6 7. Qd1 Bb4+ 8. c3 Ba5 9. Bxd5 exd5 10. Qxd5 Ne7 11. Qd3 b6 12. b4 Bxb4 13. cxb4 Bb7 14. Bb2 Rc8 15. Nc3 Bxf3 16. Qxf3 Rc4 17. a3 0-0 18. 0-0 f6 19. Nd5 fxe5 20. Nxe7+ Qxe7 21. Qd5+ Qe6 22. Qxe6+ dxe6 23. Bxe5 Rf5 24. Bg3 Rc2 25. Rfe1 Kf7 26. Rad1 h5 27. Rd7+ Kg6 28. Rxe6+ Rf6 29. Rxf6+ gxf6 30. h3 Rc1+ 31. Kh2 a6 32. Ra7 a5 33. bxa5 bxa5 34. Rxa5 Rc4 35. Ra8 Kg7 36. a4 h4 37. Bd6 Rc2 38. f3 f5 39. a5 Kf6 40. a6 Rc6 41. a7 Rxd6 42. Rf8+ Ke5 43. a8Q Kf4 44. Qb8 Ke5 45. Rd8 Kf4 46. Qxd6+ Kg5 47. Rg8+ Kh5 48. Qg6# 1-0

[Event "Saint Affrique op 22nd"]
[Site "Saint Affrique"]
[Date "2014.07.23"]
[Round "6"]
[White "Jackson, Sue"]
[Black "Raynal, Bertille"]
[Result "1-0"]
[WhiteElo "1230"]
[BlackElo "1090"]
[PlyCount "59"]
[EventDate "2014.07.19"]
[EventType "swiss"]
[EventRounds "9"]
[EventCountry "FRA"]
[SourceTitle "CBM 161 Extra"]
[Source "ChessBase"]
[SourceDate "2014.08.29"]
[SourceVersion "1"]
[SourceVersionDate "2014.08.29"]
[SourceQuality "1"]

1. d4 d5 2. c4 c6 3. Nc3 Nf6 4. Bg5 Be6 5. Bxf6 exf6 6. e3 Bb4 7. Nge2 0-0 8. Qb3 a5 9. a3 Bxc3+ 10. Nxc3 b5 11. cxd5 cxd5 12. Bxb5 Bg4 13. Nxd5 h6 14. 0-0 Be6 15. e4 Ra7 16. Rac1 Na6 17. Rc6 Ra8 18. Rfc1 Bxd5 19. exd5 f5 20. Bd3 Kh7 21. Bxf5+ Kh8 22. d6 g6 23. Bg4 Kg7 24. d7 Nc7 25. Rxc7 Qxc7 26. Rxc7 f5 27. d8Q+ Kh8 28. Qxa8 Rxa8 29. Qf7 Rg8 30. Qh7# 1-0

[Event "Saint Affrique op 22nd"]
[Site "Saint Affrique"]
[Date "2014.07.22"]
[Round "5"]
[White "Zachary, Bastian"]
[Black "Jackson, Sue"]
[Result "1-0"]
[WhiteElo "1360"]
[BlackElo "1230"]
[PlyCount "116"]
[EventDate "2014.07.19"]
[EventType "swiss"]
[EventRounds "9"]
[EventCountry "FRA"]
[SourceTitle "CBM 161 Extra"]
[Source "ChessBase"]
[SourceDate "2014.08.29"]
[SourceVersion "1"]
[SourceVersionDate "2014.08.29"]
[SourceQuality "1"]

1. d4 Nf6 2. c4 d5 3. e3 e6 4. Nf3 c6 5. Be2 Bb4+ 6. Bd2 Be7 7. 0-0 0-0 8. Nc3 Nbd7 9. Bd3 Qc7 10. Re1 e5 11. dxe5 Nxe5 12. Nxe5 Qxe5 13. cxd5 Nxd5 14. Nxd5 Qxd5 15. Qc2 f5 16. e4 Qf7 17. Bc4 Be6 18. Bxe6 Qxe6 19. exf5 Qd6 20. Rad1 Qf6 21. Re6 Qxf5 22. Qxf5 Rxf5 23. Rxe7 Rd5 24. Ree1 Kf7 25. Bc3 g6 26. Rxd5 cxd5 27. f3 Rd8 28. Rd1 Ke6 29. Kf2 Rd6 30. Re1+ Kf7 31. Ke3 Re6+ 32. Kd2 Rxe1 33. Kxe1 Ke6 34. Ke2 b5 35. Ke3 Kd6 36. Bd4 a6 37. b4 Ke6 38. Kf4 h6 39. h4 Kd6 40. g4 Ke6 41. Bg7 h5 42. gxh5 gxh5 43. Kg5 Kf7 44. Bd4 Ke6 45. f4 Kf7 46. Kxh5 Ke6 47. Kg6 Ke7 48. f5 Kf8 49. Kf6 Kg8 50. Ke7 Kh7 51. f6 Kg6 52. f7 Kf5 53. f8Q+ Ke4 54. Bb2 d4 55. Bxd4 Kxd4 56. Qa8 Kc4 57. Qxa6 Kxb4 58. Qxb5+ Kxb5 1-0

[Event "Saint Affrique op 22nd"]
[Site "Saint Affrique"]
[Date "2014.07.21"]
[Round "3"]
[White "Jackson, Sue"]
[Black "Meyer, Bernard"]
[Result "1/2-1/2"]
[WhiteElo "1230"]
[BlackElo "1397"]
[PlyCount "136"]
[EventDate "2014.07.19"]
[EventType "swiss"]
[EventRounds "9"]
[EventCountry "FRA"]
[SourceTitle "CBM 161 Extra"]
[Source "ChessBase"]
[SourceDate "2014.08.29"]
[SourceVersion "1"]
[SourceVersionDate "2014.08.29"]
[SourceQuality "1"]

1. d4 d5 2. c4 c6 3. Nc3 Nf6 4. e3 e6 5. Bd3 Bb4 6. Nge2 0-0 7. a3 Ba5 8. b4 Bc7 9. e4 dxe4 10. Nxe4 Nbd7 11. Bf4 Re8 12. Bxc7 Qxc7 13. c5 Nxe4 14. Bxe4 Nf6 15. Bc2 e5 16. d5 cxd5 17. Ng3 e4 18. 0-0 Bg4 19. Qd2 Rad8 20. Rac1 Qd7 21. Rfe1 h6 22. f4 exf3 23. Rxe8+ Rxe8 24. Re1 Rxe1+ 25. Qxe1 fxg2 26. Qf2 Bh3 27. Bf5 Qa4 28. Bxh3 Qxa3 29. Bxg2 Ng4 30. Qf4 Qa1+ 31. Nf1 Nf6 32. Bh3 g5 33. Qd2 d4 34. Bg2 b6 35. c6 Ne8 36. Kf2 Nc7 37. Ng3 Nb5 38. Nf5 Qc3 39. Qxc3 dxc3 40. Ke2 Kh7 41. Bf1 Nc7 42. Kd1 h5 43. Bd3 Kg8 44. Kc2 Nd5 45. Kb3 a5 46. bxa5 bxa5 47. Kc2 Kf8 48. Bc4 Nb4+ 49. Kxc3 Nxc6 50. Nd6 f6 51. Nf7 h4 52. Nh6 Kg7 53. Nf5+ Kf8 54. h3 Ne5 55. Be6 Nf3 56. Kb3 Ne5 57. Bd5 Ng6 58. Bc4 Ne7 59. Nd6 f5 60. Nf7 g4 61. hxg4 fxg4 62. Ng5 g3 63. Bf1 Nd5 64. Ka4 Ne3 65. Bh3 Kg7 66. Kxa5 Kg6 67. Ne4 Kh5 68. Nc5 g2 1/2-1/2